| 000 | 00722nam a2200193 i 4500 | ||
|---|---|---|---|
| 001 | 162970 | ||
| 003 | ES-MaACL | ||
| 005 | 20250929063237.0 | ||
| 008 | 050706s1832 fr | |||||||| ||fre d | ||
| 040 |
_aCAM _bspa _cCAM |
||
| 100 | 1 |
_aRaspail, François-Vincent, _d1794-1878 _9131616 |
|
| 245 | 1 | 0 |
_aCours d'agriculture et d'économie rurale / _cRaspail. |
| 260 |
_aParis : _bLibrairie Classique de L. Hachette, _c1832 ( _fImprimerie de Marchand du Breuil) |
||
| 300 |
_a5 v. ; _c14 cm. |
||
| 505 | 8 | _aContiene: 4e traité, Horticulture (168 p.) | |
| 650 | 0 | 7 |
_aAgricultura _2embne _99670 |
| 852 |
_aES-MaACL _jD-523(1) _z-- Enc. pasta española _q-- Sólo 4e. traité, Horticulture |
||
| 999 |
_c162970 _d162970 |
||